| 000 | 00738cab a2200169 4500 | ||
|---|---|---|---|
| 001 | L130957 | ||
| 008 | 050727n2005 000 0 eng u | ||
| 035 | _a(Sirsi) u130957 | ||
| 041 | 0 | _aeng | |
| 245 | 0 | 0 | _aRegional: Berkshire |
| 260 | _c2005 | ||
| 490 | 0 |
_aProperty Week _v70(36) 9 September 2005, 101-125(12) |
|
| 520 | _aProvides news on the market in the area; mixed use development in Reading; Slough Trading Estate; Reading office market including availability for both in town and out of town locations for August 2005; Thames Valley offices including the M4 corridor; retail in Newbury; and the residential market in Reading. | ||
| 590 | _aIKA270905 | ||
| 690 | _aPROPERTY-COMMERCIAL PROPERTY-RETAIL PROPERTY | ||
| 942 | _n0 | ||
| 999 |
_c104605 _d104605 |
||